000 00700 a2200217 4500
999 _c8553
_d8553
020 _a9780385538268 (hardback)
050 0 0 _aPR6066.PRA 2013
100 1 _aPratchett, Terry,
_eauthor.
245 1 0 _aRaising steam :
_ba Discworld novel /
_cTerry Pratchett.
250 _aFirst United States Edition.
264 1 _aNew York :
_bDoubleday,
_c2013
300 _a365 pages :
_bmap ;
500 _aINCLUDES INDEX
650 0 _aDiscworld (Imaginary place)
650 7 _aFICTION / Fantasy / Epic.
650 7 _aFICTION / Humorous.
650 7 _aFICTION / General.
856 4 2 _3Cover image
_u9780385538268.jpg
942 _2lcc
_cBK
_h6066
_iPRA
_kPR